Central Library and Information Centre
Sibsagar Girls' College, Sivasagar : Assam

REGIONAL PLANNING (Record no. 9883)

MARC details
000 -LEADER
fixed length control field 00405cam a2200169ua 4500
008 - FIXED-LENGTH DATA ELEMENTS--GENERAL INFORMATION
fixed length control field 120324n1992 II |||gr||||Z||||||eng
040 ## - CATALOGING SOURCE
Original cataloging agency MAIN
041 ## - LANGUAGE CODE
-- English
082 ## - DEWEY DECIMAL CLASSIFICATION NUMBER
Classification number 333.609 54 MIS
100 ## - MAIN ENTRY--PERSONAL NAME
Personal name MISHRA, R. P.
245 ## - TITLE STATEMENT
Title REGIONAL PLANNING
260 ## - PUBLICATION, DISTRIBUTION, ETC.
Place of publication, distribution, etc. NEW DELHI
Name of publisher, distributor, etc. CONCEPT PUBLISHING COOPERATION
Date of publication, distribution, etc. 1992
300 ## - PHYSICAL DESCRIPTION
Extent 895.
942 ## - ADDED ENTRY ELEMENTS (KOHA)
Koha item type Books
653 ## - INDEX TERM--UNCONTROLLED
Uncontrolled term Regional Planning India
Holdings
Withdrawn status Lost status Damaged status Not for loan Collection code Home library Current library Shelving location Date acquired Total Checkouts Full call number Barcode Date last seen Date last checked out Copy number Price effective from Koha item type Public note
        REFGEO Central Library and Information Centre Sibsagar Girls College Central Library and Information Centre Sibsagar Girls College GEOGRAPHY BOOK RACK 21.07.2000 2 333.609 54 MIS 16878 26.11.2021 12.11.2021 1 27.02.2020 Books V


Sibsagar Girl's College © 2020. All rights reserved.
Powered by Koha.
Maintained by Abhijit Borpuzari.